[Event "45th Olympiad Budapest 2024"]
[Site "Budapest"]
[Date "2024.09.20"]
[Round "9.4"]
[White "Linn, Phone Myat"]
[Black "Azhar, Muhd Syakir Shazmee"]
[Result "1/2-1/2"]
[WhiteElo "1763"]
[BlackElo "2086"]
[PlyCount "138"]
[EventDate "2024.09.11"]
[EventType "team"]
[EventRounds "11"]
[EventCountry "HUN"]
[WhiteTeam "Myanmar"]
[BlackTeam "Malaysia"]
[WhiteTeamCountry "MYA"]
[BlackTeamCountry "MAS"]

1. e4 e5 2. Nf3 Nc6 3. Bc4 Nf6 4. d3 Be7 5. O-O O-O 6. c3 d6 7. Re1 Na5 8. Bb5 a6 9. Ba4 b5 10. Bc2 c5 11. Nbd2 Re8 12. Nf1 h6 13. Ng3 Bf8 14. h3 Nc6 15. d4 Qc7 ({RR} 15... cxd4 16. cxd4 exd4 17. Nxd4 Nxd4 18. Qxd4 Qc7 19. Qd3 d5 20. Bd2 dxe4 21. Nxe4 Rxe4 22. Rxe4 Bf5 23. Rc4 Qxc4 24. Qxc4 bxc4 25. Bxf5 Rb8 26. b3 cxb3 27. axb3 Rxb3 28. Rxa6 Rb5 29. Ra5 Rxa5 30. Bxa5 {Dominguez Perez,L (2726)-Aronian,L (2797) Beijing 2014 ½-½}) 16. Be3 g6 ({RR} 16... Bd7 17. Rc1 c4 18. Qd2 Rad8 19. d5 Na5 20. Nh4 Nb7 21. Nhf5 Bxf5 22. Nxf5 Kh7 23. g4 Ng8 24. h4 g6 25. Ng3 Bg7 26. Kg2 Nc5 27. Rh1 Qe7 28. g5 f6 29. Rcg1 Qf7 30. Kf1 Rf8 31. h5 {Srija,S (2241)-Mik,T (2002) Piestany SVK 2024 1-0 (37)}) 17. Qd2 $146 ({RR} 17. Rc1 Kh7 18. Bb1 Bb7 19. Qd2 Rad8 20. d5 Na5 21. b3 Bc8 22. Nh2 Ng8 23. f4 exf4 24. Bxf4 Bg7 25. Rf1 Nb7 26. Kh1 a5 27. a3 Rd7 28. b4 Rde7 29. Bd3 Bd7 30. Nf3 Ra8 31. Qf2 axb4 {Ye,J (2480)-Handoko,E (2415) Jakarta 1987 1-0 (57)}) 17... h5 18. Rad1 Bb7 19. Bh6 Nh7 20. Bxf8 Rxf8 21. Qh6 Qe7 22. dxc5 dxc5 23. Rd5 Rad8 24. Nf1 Bc8 25. Qe3 c4 26. Qb6 Qb7 27. Qc5 Nf6 28. Rxd8 Rxd8 29. Nxe5 Nxe5 30. Qxe5 Qc6 31. Qf4 Bb7 32. Ng3 Qe6 33. Ne2 Re8 34. Nd4 Qe7 35. Qh4 Nd7 36. Qxe7 Rxe7 37. Rd1 Kg7 38. f3 Nc5 39. Kf2 h4 40. Ne2 Rd7 41. Rxd7 Nxd7 42. a4 bxa4 43. Bxa4 Nc5 44. Bc2 Bc6 45. Ke3 Ba4 46. Nd4 Kf6 47. f4 Bxc2 48. Nxc2 Na4 49. Kd4 Nxb2 50. Ne3 Ke6 51. Nxc4 Nxc4 52. Kxc4 Kd6 53. Kb4 Kc6 54. Ka5 Kb7 55. c4 Kc6 56. f5 gxf5 57. exf5 Kc5 58. Kxa6 Kxc4 59. Kb6 Kd5 60. f6 Ke5 61. Kc5 Kf4 62. Kd6 Kf5 63. Kd5 Kf4 64. Kd6 Kf5 65. Kd5 Kxf6 66. Ke4 Kg5 67. Ke3 Kf5 68. Kf3 f6 69. Ke3 Ke5 1/2-1/2

[Event "45th Olympiad Budapest 2024"]
[Site "Budapest"]
[Date "2024.09.20"]
[Round "9.1"]
[White "Wu, Li"]
[Black "Al-Ali, Hussein Ali Hussein"]
[Result "1-0"]
[WhiteElo "2325"]
[BlackElo "2122"]
[PlyCount "75"]
[EventDate "2024.09.11"]
[EventType "team"]
[EventRounds "11"]
[EventCountry "HUN"]
[WhiteTeam "Isle of Man"]
[BlackTeam "Iraq"]
[WhiteTeamCountry "IOM"]
[BlackTeamCountry "IRQ"]

1. Nf3 Nf6 2. c4 g6 3. Nc3 Bg7 4. e4 d6 5. d4 O-O 6. Bd3 Bg4 7. Be2 Bxf3 ({RR} 7... e5 8. d5 a5 9. Be3 Na6 10. Nd2 Bxe2 11. Qxe2 Nd7 12. g4 Ndc5 13. O-O-O Qd7 14. h4 Na4 15. Ndb1 h6 16. Nxa4 Qxa4 17. Nc3 Qd7 18. h5 g5 19. Kd2 c5 20. Ke1 Rfb8 21. Kf1 a4 22. Rb1 {Carlsen,M (2859)-Nakamura,H (2768) chess.com INT 2022 ½-½ (68)}) 8. Bxf3 e5 9. d5 Nbd7 ({RR} 9... a5 10. h4 Na6 11. h5 Nc5 12. Be3 c6 13. hxg6 fxg6 14. a3 Qe7 15. Rb1 Ncd7 16. dxc6 bxc6 17. b4 axb4 18. axb4 Ra3 19. Qc1 Rfa8 20. b5 c5 21. b6 R3a6 22. b7 Rb8 23. O-O Rb6 24. Nb5 {Deac,B (2680)-Popov,K (2376) chess.com INT 2024 1-0 (90)}) 10. g4 $146 ({RR} 10. Bg5 h6 11. Bh4 g5 12. Bg3 Nc5 13. h3 Ne8 14. h4 f5 15. hxg5 f4 16. Bh4 hxg5 17. Bg4 gxh4 18. b4 Nd7 19. Be6+ Rf7 20. Qh5 Qf6 21. Rxh4 Kf8 22. f3 Ke7 23. a4 Rf8 24. Nb5 Rh8 {Mattos,D-De Almeida,J (1530) Mogi das Cruzes 2013 0-1 (55)}) 10... Nb6 11. Qe2 c6 12. g5 Nfd7 13. Bg4 cxd5 14. cxd5 Qe7 15. h4 Rfc8 16. h5 Rc7 17. Nb5 Rc4 18. b3 Rc5 19. Ba3 a6 20. Bxd7 Nxd7 21. Bxc5 Nxc5 22. Nc3 Qxg5 23. Qe3 Qxe3+ 24. fxe3 b5 25. b4 Nd3+ 26. Kd2 Nb2 27. a4 Rb8 28. axb5 axb5 29. Ra2 Nc4+ 30. Kd3 Bf8 31. Nxb5 Nb6 32. Na7 f5 33. Nc6 Re8 34. hxg6 hxg6 35. Ra7 Nc8 36. Rc7 fxe4+ 37. Kxe4 Ne7 38. b5 1-0

[Event "45th Olympiad Budapest 2024"]
[Site "Budapest"]
[Date "2024.09.20"]
[Round "9.2"]
[White "Mohammed, Zozek Salah Mohamme"]
[Black "Fabri, Henrik"]
[Result "1-0"]
[WhiteElo "2180"]
[BlackElo "1936"]
[PlyCount "41"]
[EventDate "2024.09.11"]
[EventType "team"]
[EventRounds "11"]
[EventCountry "HUN"]
[WhiteTeam "Iraq"]
[BlackTeam "Isle of Man"]
[WhiteTeamCountry "IRQ"]
[BlackTeamCountry "IOM"]

1. Nf3 {Atalik,Suat} Nf6 2. g3 b6 3. Bg2 Bb7 4. O-O e6 5. c4 Be7 6. Nc3 O-O 7. Qc2 ({RR} 7. d4 Ne4) ({RR} 7. Re1 d5 8. cxd5 exd5 9. d4 Nbd7 10. Bf4 c5) 7... c5 8. b3 d5 ({RR} 8... Nc6 9. Bb2 d5 10. cxd5 exd5 ({RR} 10... Nxd5 11. Rac1) 11. d4 Nxd4 ({RR} 11... cxd4 12. Nb5 Rc8) 12. Nxd4 cxd4 13. Nb5 Rc8 14. Qd1 Qd7 15. Nxd4 Ba6 16. Qb1 Bc5 17. Qf5 ({RR} 17. Rd1 Rfe8 18. e3 Ne4) 17... Qxf5 18. Nxf5 Bxe2 ({RR} 18... Rfe8 19. Bxf6 gxf6 20. Rfd1) 19. Rfe1 Rfe8 20. Bxf6 ({RR} 20. Ne3 d4 ({RR} 20... Rxe3 21. fxe3 Bxe3+ 22. Kh1 Rc2 23. Bxf6 gxf6 24. Bxd5)) 20... gxf6 21. Bxd5 ({RR} 21. Ne3 d4) 21... Re5 22. Bc4 ({RR} 22. Ne3 Bxe3 ({RR} 22... Rxe3 23. fxe3 Bxe3+) 23. Rxe2 Bd4 24. Rxe5 fxe5 25. Rf1 Rc2 26. a4 Kg7) 22... Rce8 ({RR} 22... Bxc4 23. Rxe5 fxe5 24. bxc4 Rd8 25. Re1 f6 26. Kf1 ({RR} 26. Re2 Rd1+ 27. Kg2 Rc1 28. Ne3 Kf7) 26... Rd3 27. Ne3 Kf7 28. Re2 Ke6) 23. Bxe2 {Lajthajm,B (2400)-Atalik,S (2572) Veliko Gradiste 2016 CBM 174 [Atalik,Suat] ½-½ (67)}) 9. cxd5 exd5 ({RR} 9... Nxd5 10. Bb2 Nd7 11. Rac1 Nxc3 12. Bxc3 Bf6 13. Rfd1 Rc8 14. Ng5 Bxg5 15. Bxb7 Rc7 16. Be4 h6 17. Bg2 Bf6 18. Qb2 Qe7 19. a3 Rd8 20. Rc2 Bxc3 21. Qxc3 Nf6 22. d3 Rcd7 23. Rdc1 Rd4 24. Qb2 {Gurevich,D (2358)-Pesotskiy,M (2138) chess.com INT 2024 0-1 (48)}) 10. d4 Nc6 $146 ({RR} 10... Na6 11. Bb2 Qc8 12. Rac1 Re8 13. Qb1 h6 14. Nh4 Ne4 15. Nf3 Qe6 16. dxc5 Nxc3 17. Bxc3 bxc5 18. e3 Rab8 19. Rfd1 Ba8 20. Qa1 Bf8 21. Rd2 Nb4 22. Rcd1 Red8 23. Ne5 Re8 24. Nd3 Nxd3 25. Rxd3 {Skembris,S (2435)-Salov,V (2525) Nikaia 1985 ½-½ (68)}) ({RR} 10... Ne4 11. Rd1 Nd7 12. Bb2 Rc8 13. Rac1 cxd4 14. Nxd4 Nxc3 15. Bxc3 Ba3 16. Nf5 Bxc1 17. Qxc1 d4 18. Rxd4 Bxg2 19. Qh6 Qf6 20. Rg4 {1-0 (20) Cordova Garcia,E (2022)-Gashimov,V (2565) Dos Hermanas 2004}) 11. Rd1 Rc8 12. Bh3 Ra8 13. Bb2 Bc8 14. Bg2 g6 15. Rac1 Bf5 16. Qd2 Ne4 17. Qh6 Bf6 18. dxc5 d4 19. Nxe4 Bxe4 20. Nxd4 Bg5 21. Nf5 1-0

[Event "45th Olympiad Budapest 2024"]
[Site "Budapest"]
[Date "2024.09.20"]
[Round "9.3"]
[White "Ormsby, Alan"]
[Black "Salih, Akar Ali Salih"]
[Result "0-1"]
[WhiteElo "1914"]
[BlackElo "2174"]
[PlyCount "56"]
[EventDate "2024.09.11"]
[EventType "team"]
[EventRounds "11"]
[EventCountry "HUN"]
[WhiteTeam "Isle of Man"]
[BlackTeam "Iraq"]
[WhiteTeamCountry "IOM"]
[BlackTeamCountry "IRQ"]

1. d4 g6 2. e4 Bg7 3. Nc3 d6 4. Be3 a6 5. Qd2 b5 6. f3 Nd7 7. h4 h5 8. O-O-O ({RR} 8. Nge2 Bb7 9. O-O-O c5 10. Kb1 Rc8 11. g4 hxg4 12. fxg4 Ngf6 13. Bg2 b4 14. Nd5 Bxd5 15. exd5 Nxg4 16. Bh3 Nxe3 17. Qxe3 Rc7 18. dxc5 Rxc5 19. Qe4 Nf6 20. Qxb4 Rh5 21. Nf4 Rxh4 22. Bd7+ Nxd7 {Danielyan,V (2325)-Vardanyan,A (2284) chess.com INT 2024 0-1 (35)}) 8... Bb7 9. Kb1 Rc8 10. Nh3 Ngf6 $146 ({RR} 10... c5 11. dxc5 Nxc5 12. Ng5 Qc7 13. Bd4 Bxd4 14. Qxd4 Nf6 15. Bd3 O-O 16. Nd5 Bxd5 17. exd5 Qb7 18. Be4 Ncd7 19. Rhe1 Rc4 20. Qd2 Nxe4 21. Rxe4 Nf6 22. Rxc4 bxc4 23. Qd4 Rb8 24. b3 Qb4 25. Ne4 {Garcia Ramos,M (2024)-Almeida Quintana,O (2593) La Roda 2011 0-1 (45)}) 11. Ng5 O-O 12. g3 b4 13. Ne2 Rb8 14. Bh3 c5 15. Nf4 cxd4 16. Bf2 e5 17. Nxg6 fxg6 18. Be6+ Kh8 19. Nf7+ Rxf7 20. Bxf7 Kh7 21. g4 Qe7 22. Bb3 Nc5 23. gxh5 Nxh5 24. Rhg1 Rf8 25. Bd5 Bxd5 26. exd5 Rxf3 27. Qe2 Qf6 28. Rdf1 e4 0-1

[Event "45th Olympiad Budapest 2024"]
[Site "Budapest"]
[Date "2024.09.20"]
[Round "9.4"]
[White "Alothman, Ali Layth Ahmed"]
[Black "Gumireddy, Sanjay"]
[Result "1-0"]
[WhiteElo "2161"]
[BlackElo "1907"]
[PlyCount "91"]
[EventDate "2024.09.11"]
[EventType "team"]
[EventRounds "11"]
[EventCountry "HUN"]
[WhiteTeam "Iraq"]
[BlackTeam "Isle of Man"]
[WhiteTeamCountry "IRQ"]
[BlackTeamCountry "IOM"]

1. Nf3 f5 2. d4 Nf6 3. g3 e6 4. Bg2 Be7 5. O-O d6 6. c4 O-O 7. Nc3 Qe8 8. Qc2 Qh5 9. e4 e5 10. dxe5 dxe5 11. Nd5 Nxd5 12. cxd5 Bd6 13. Qc3 ({RR} 13. Nh4 f4 14. Bf3 Bg4 15. Qe2 Bxf3 16. Qxf3 Qxf3 17. Nxf3 fxg3 18. fxg3 Na6 19. Bd2 Nc5 20. Rae1 Nd3 21. Rb1 a5 22. Bc3 b5 23. Rbd1 Nc5 24. Nxe5 b4 25. Bd4 Rxf1+ 26. Kxf1 Nxe4 27. Re1 Nf6 {Grzadka,A (1710)-Trzebinski,P (1711) Sypniewo 2022 ½-½ (40)}) 13... fxe4 $146 ({RR} 13... Nd7 14. exf5 Nf6 15. Nh4 Bxf5 16. Nxf5 Qxf5 17. Be3 e4 18. Rad1 Rae8 19. Bc5 Bxc5 20. Qxc5 c6 21. Qxa7 cxd5 22. Qd4 Re7 23. Rc1 Rfe8 24. Rc3 Qe5 25. Rd1 g5 26. h3 h6 27. a4 Rd7 28. b4 {Rayner,F (2207)-Russell,C (2036) Liverpool 2008 0-1 (52)}) ({RR} 13... Nd7 14. exf5 Qxf5 15. Ng5 Nf6 16. Qc4 h6 17. Bh3 Qg6 18. Ne6 Qh5 19. Bg2 Bxe6 20. dxe6 c6 21. Bd2 Kh8 22. Rae1 Rfe8 23. Bb4 Bxb4 24. Qxb4 Rxe6 25. Qxb7 Qe8 26. Re2 Rb8 27. Qa6 e4 28. Rfe1 {Swapnil,S (2489)-Krishna Teja,N (2188) Odisha 2013 ½-½ (60)}) 14. Ng5 Bf5 15. Nxe4 Na6 16. Be3 Qg6 17. Qc4 Rfb8 18. a4 Rc8 19. Rfd1 h6 20. h3 Kh8 21. g4 Bd7 22. Ng3 Nb4 23. Be4 Qf6 24. Nf5 a5 25. Kg2 Rab8 26. Qe2 Be8 27. h4 Qf8 28. h5 Qf7 29. Qd2 Bf8 30. Nh4 Qe7 31. Nf5 Qf7 32. Qc3 Bd6 33. b3 Bd7 34. Qd2 Bf8 35. Rac1 Bxf5 36. Bxf5 Rd8 37. Be6 Qe8 38. Rxc7 Na6 39. Rc4 Bb4 40. Qe2 Qe7 41. Bb6 Rf8 42. Qxe5 Bd6 43. Qe3 Qh4 44. Rh1 Qf6 45. Bd4 Qe7 46. Qxh6# 1-0

[Event "45th Olympiad Budapest 2024"]
[Site "Budapest"]
[Date "2024.09.20"]
[Round "9.1"]
[White "Mesfin, Leykun"]
[Black "Alrehaili, Ahmed Abdullah S"]
[Result "0-1"]
[WhiteElo "2118"]
[BlackElo "2117"]
[PlyCount "92"]
[EventDate "2024.09.11"]
[EventType "team"]
[EventRounds "11"]
[EventCountry "HUN"]
[WhiteTeam "Ethiopia"]
[BlackTeam "Saudi Arabia"]
[WhiteTeamCountry "ETH"]
[BlackTeamCountry "SAU"]

1. e4 e5 2. Nf3 Nc6 3. Bb5 a6 4. Ba4 Nf6 5. d3 d6 6. c3 g6 7. O-O Bg7 8. Re1 O-O 9. Nbd2 Bd7 10. Nf1 Qe8 11. Bc2 Nh5 12. d4 Bg4 ({RR} 12... f5 13. dxe5 dxe5 14. exf5 gxf5 15. Ng3 Nxg3 16. hxg3 Kh8 17. Bb3 Be6 18. Bf4 Rd8 19. Qc2 Bd5 20. Bxd5 Rxd5 21. c4 Rd7 22. Nxe5 Nxe5 23. Rxe5 Bxe5 24. Re1 Kg8 25. Bxe5 f4 26. gxf4 Rxf4 27. Qc3 {Amar,E (2567)-Ilamparthi,A (2414) Prague CZE 2024 1-0 (70)}) 13. d5 Ne7 14. h3 $146 ({RR} 14. c4 c5 15. Rb1 a5 16. Ba4 Qc8 17. Ne3 Bxf3 18. Qxf3 Bh6 19. Qd1 Bxe3 20. Bxe3 f5 21. Bg5 Nf6 22. f4 fxe4 23. fxe5 dxe5 24. Bxf6 Rxf6 25. Rxe4 Qf5 26. Qe1 Raf8 27. Rxe5 Qd3 28. Rxe7 Qd4+ {Solodovnichenko,Y (2561)-Samani,Y (2257) Ayvalik 2022 ½-½ (57)}) 14... Bd7 15. N1h2 f5 16. exf5 gxf5 17. Ng5 Nf6 18. c4 Kh8 19. Kh1 Rg8 20. f4 e4 21. Be3 h6 22. Ne6 Bxe6 23. dxe6 Qc8 24. g4 Qxe6 25. Bb3 Kh7 26. g5 Nd7 27. Qh5 Qg6 28. Qh4 Nc5 29. Bd1 Qe6 30. Bh5 hxg5 31. fxg5 Ng6 32. Qg3 Nd3 33. Rf1 Bxb2 34. Rad1 Be5 35. Qg2 Raf8 36. h4 Ngf4 37. Rxf4 Nxf4 38. Bxf4 Bxf4 39. Be2 Bxh2 40. Kxh2 f4 41. Bg4 Qxc4 42. Rg1 f3 43. Qh3 e3 44. Bf5+ Kh8 45. Be6 Qf4+ 46. Rg3 e2 0-1

[Event "45th Olympiad Budapest 2024"]
[Site "Budapest"]
[Date "2024.09.20"]
[Round "9.2"]
[White "Al Thebaiti, Ahmed M"]
[Black "Tsige, Addisalem Temesgen"]
[Result "1-0"]
[WhiteElo "1993"]
[BlackElo "2068"]
[PlyCount "67"]
[EventDate "2024.09.11"]
[EventType "team"]
[EventRounds "11"]
[EventCountry "HUN"]
[WhiteTeam "Saudi Arabia"]
[BlackTeam "Ethiopia"]
[WhiteTeamCountry "SAU"]
[BlackTeamCountry "ETH"]

1. d4 Nf6 2. Bf4 d5 3. e3 c5 4. Nf3 Nc6 5. Nbd2 Qb6 6. dxc5 Qxb2 7. Rb1 Qxa2 ({RR} 7... Qc3 8. Bb5 g6 9. O-O Bg7 10. Nd4 Bd7 11. N2b3 O-O 12. a4 Qb4 13. Ne2 Qa3 14. Ra1 Qb2 15. Rb1 Qa3 16. c3 a6 17. Ra1 Qb2 18. Bxc6 Bxc6 19. e4 Nxe4 20. Bc1 Nxc3 21. Bxb2 Nxd1 22. Bxg7 {Erigaisi,A (2710)-Le,Q (2728) Biel SUI 2023 1-0 (52)}) 8. Bb5 Bf5 $146 ({RR} 8... Qa5 9. O-O e6 10. c4 Be7 11. Ne5 Bd7 12. Nxd7 Nxd7 13. Nb3 Qd8 14. cxd5 exd5 15. Qxd5 O-O 16. Bxc6 bxc6 17. Qxc6 Rc8 18. Qa6 Nxc5 19. Qxa7 Nxb3 20. Rxb3 Bc5 21. Qb7 Qf6 22. Rd3 Rcd8 23. Rxd8 {Rosen,E (2353)-Tagelsir,A (2219) Chess.com INT 2020 1-0 (42)}) ({RR} 8... Bd7 9. O-O e6 10. Nb3 Nb4 11. Nfd4 a6 12. Ra1 Qb2 13. Qe2 Rc8 14. Bd3 Qc3 15. Be5 Nxd3 16. cxd3 Bb5 17. Nxb5 Qxe5 18. d4 Qb8 19. Nc3 Be7 20. Rfb1 O-O 21. Na5 Rc7 22. h3 Rfc8 23. Rb6 {Kokoszczynski,J (2314)-Omariev,M (2304) chess.com INT 2024 1-0 (35)}) ({RR} 8... e6 9. c4 Bxc5 10. Ra1 Qb2 11. Be5 Qb4 12. Ra4 O-O 13. Rxb4 Nxb4 14. O-O a6 15. Ba4 dxc4 16. Bxf6 gxf6 17. Ne4 Be7 18. Qd4 b5 19. Nxf6+ Bxf6 20. Qxf6 bxa4 21. Ne5 Nd5 22. Qg5+ Kh8 23. e4 {Salinas Herrera,P (2514)-Pasti,A (1741) Chess.com INT 2020 1-0}) ({RR} 8... Bd7 9. Ne5 Qa5 10. Bxc6 Bxc6 11. O-O e6 12. c4 Be7 13. Nb3 Qd8 14. Nd4 Bxc5 15. Ndxc6 bxc6 16. Nxc6 Qd7 17. Ne5 Qd8 18. Qa4+ Kf8 19. Rb7 Kg8 20. Nxf7 Qf8 21. Rfb1 Bb6 22. Nxh8 Kxh8 23. Be5 {Smaho,T (1482)-Benci,J (1339) Skalica 2021 1-0 (33)}) 9. Nd4 Bd7 10. O-O Qa5 11. c4 e6 12. cxd5 exd5 13. Be2 Nxd4 14. exd4 Bc6 15. Re1 Be7 16. Bd3 Kf8 17. Re3 Ng8 18. Nf3 f6 19. h4 g6 20. Qe2 Re8 21. Re1 Qd8 22. Bb5 h6 23. Bxc6 bxc6 24. Qc2 Kf7 25. h5 g5 26. Qg6+ Kf8 27. Bd6 a5 28. Nh2 Qd7 29. Nf1 a4 30. Ng3 Ra8 31. Nf5 Qxf5 32. Qxf5 a3 33. Bxe7+ Nxe7 34. Rxe7 1-0

[Event "45th Olympiad Budapest 2024"]
[Site "Budapest"]
[Date "2024.09.20"]
[Round "9.3"]
[White "Kebede, Yoseph Kifle"]
[Black "Al Abdali, Zeyad Saleh"]
[Result "1-0"]
[WhiteElo "2037"]
[BlackElo "1780"]
[PlyCount "151"]
[EventDate "2024.09.11"]
[EventType "team"]
[EventRounds "11"]
[EventCountry "HUN"]
[WhiteTeam "Ethiopia"]
[BlackTeam "Saudi Arabia"]
[WhiteTeamCountry "ETH"]
[BlackTeamCountry "SAU"]

1. Nf3 Nf6 2. b3 e6 3. Bb2 c5 4. c4 Nc6 5. g3 d5 6. cxd5 exd5 7. Bg2 Be7 8. O-O d4 9. d3 ({RR} 9. Na3 O-O 10. Nc4 Be6 11. e3 Rc8 12. exd4 cxd4 13. Re1 Re8 14. Nce5 Bc5 15. Nxc6 Rxc6 16. Rc1 Bb6 17. Ne5 Rxc1 18. Qxc1 Bd5 19. Bxd5 Qxd5 20. Ng4 Rxe1+ 21. Qxe1 h5 22. Nxf6+ gxf6 23. d3 Kg7 {Artemiev,V (2711)-Karjakin,S (2750) Moscow RUS 2023 ½-½ (55)}) 9... O-O 10. Nbd2 Be6 $146 ({RR} 10... h6 11. a3 Be6 12. Rc1 Rc8 13. Ne4 Qb6 14. Ned2 Qd8 15. Rb1 a5 16. Bc1 Nd5 17. Bb2 b5 18. Ra1 {½-½ (18) Gosztolya,F (2123)-Katona,J (2123) Hungary 2004}) ({RR} 10... Bg4 11. Rc1 Rc8 12. a3 Re8 13. Re1 Qd7 14. b4 cxb4 15. axb4 Bxb4 16. Rc4 b5 17. Rxc6 Rxc6 18. Bxd4 Rce6 19. Ba1 a5 20. h3 Bh5 21. g4 Bg6 22. Nd4 Rd6 23. N2f3 Bxe1 24. Qxe1 b4 25. Qb1 {Srnec,S-Kelemen,M (2105) Varazdin 2008 0-1 (45)}) 11. Nc4 Rc8 12. Nce5 Nxe5 13. Nxe5 Bd5 14. Bh3 Rb8 15. e4 dxe3 16. fxe3 Qb6 17. Qe2 Rbd8 18. Rad1 Qa6 19. Ba1 Be6 20. Bg2 Rfe8 21. h3 Bd5 22. Bxd5 Rxd5 23. e4 Rdd8 24. Rf5 Qe6 25. g4 g6 26. Rf3 Bd6 27. Nc4 Nd7 28. Rdf1 f6 29. Bxf6 Be7 30. Ba1 Rf8 31. Ne3 Rxf3 32. Rxf3 Ne5 33. Bxe5 Qxe5 34. Qc2 b5 35. Nd5 Bg5 36. Qf2 c4 37. h4 Be7 38. bxc4 bxc4 39. dxc4 Qxe4 40. Rf4 Qb1+ 41. Kg2 Qb7 42. Rf7 Rf8 43. Rxf8+ Bxf8 44. Kh3 Bg7 45. Qe3 Qf7 46. Kg2 h6 47. Qe4 Bf8 48. Nf4 g5 49. Qg6+ Qxg6 50. Nxg6 Bd6 51. h5 Kf7 52. Kf3 Ke6 53. Ke4 a6 54. Kd4 Ba3 55. c5 Bb2+ 56. Ke4 Ba3 57. c6 Bd6 58. Kd4 Ba3 59. c7 Kd7 60. Ne5+ Kxc7 61. Nf7 Bf8 62. Ke5 Bg7+ 63. Kf5 Kc6 64. Kg6 Bf8 65. Nxh6 Kb5 66. Nf5 Ka4 67. Kf7 Bb4 68. h6 Bc3 69. Ng7 Ka3 70. h7 Kxa2 71. h8=Q a5 72. Qh2+ Kb3 73. Ne6 a4 74. Nc5+ Kb4 75. Qc2 Kxc5 76. Qxc3+ 1-0

[Event "45th Olympiad Budapest 2024"]
[Site "Budapest"]
[Date "2024.09.20"]
[Round "9.4"]
[White "Khayat, Emad"]
[Black "Shiferaw, Yalemzewde Mekonnen"]
[Result "0-1"]
[WhiteElo "1907"]
[BlackElo "2025"]
[PlyCount "88"]
[EventDate "2024.09.11"]
[EventType "team"]
[EventRounds "11"]
[EventCountry "HUN"]
[WhiteTeam "Saudi Arabia"]
[BlackTeam "Ethiopia"]
[WhiteTeamCountry "SAU"]
[BlackTeamCountry "ETH"]

1. d4 d5 2. c4 c6 3. cxd5 cxd5 4. Nc3 e6 5. Nf3 Nf6 6. Bf4 Bd6 7. Bg3 Nc6 8. e3 Ne4 9. Bd3 ({RR} 9. Nxe4 dxe4 10. Nd2 Bxg3 11. hxg3 e5 12. dxe5 Qa5 13. Qb3 Qxe5 14. Be2 Qe7 15. Rc1 O-O 16. Nxe4 Qxe4 17. Bd3 Qb4+ 18. Qxb4 Nxb4 19. Bxh7+ Kh8 20. Bb1+ Kg8 21. Rc4 a5 22. Bh7+ Kh8 23. Bf5+ {1-0 (23) Petrosian,T (2635)-Kupreichik,V (2490) Moscow 1976}) ({RR} 9. Nxe4 dxe4 10. Nd2 f5 11. Bb5 O-O 12. Bxc6 bxc6 13. Qc2 Bxg3 14. hxg3 Ba6 15. Qxc6 Qc8 16. Rc1 Qxc6 17. Rxc6 Rfc8 18. Rc5 Rxc5 19. dxc5 Rb8 20. Nb3 Bc4 21. Kd2 Bxb3 22. axb3 Rxb3 23. Ra1 Rxb2+ {Ansh,M (2169)-Andrianov,N (2287) Charlotte USA 2023 1-0 (54)}) 9... Nxg3 10. hxg3 g6 11. Qe2 $146 ({RR} 11. Rc1 Bd7 12. O-O f5 13. a3 g5 14. Na4 g4 15. Ne5 Nxe5 16. dxe5 Bxe5 17. Nc5 Bc8 18. Bb5+ Kf7 19. Nd3 Bd6 20. Nf4 Bd7 21. Be2 Qb6 22. Bxg4 fxg4 23. Qxg4 Bxf4 24. Qxf4+ Ke8 25. Qe5 Rf8 {Bigler,H (2285)-Stisis,Y (2355) Lenk 1993 0-1 (43)}) 11... Nb4 12. Bb5+ Bd7 13. a3 Nc6 14. e4 dxe4 15. Qxe4 a6 16. Bxc6 bxc6 17. O-O O-O 18. Qc2 Be7 19. Ne4 Qb6 20. Rfd1 Rfb8 21. Ne5 Be8 22. b4 Rd8 23. Nc5 Bf6 24. Rd3 Qc7 25. f4 a5 26. Rc1 Bg7 27. Qc3 axb4 28. axb4 Qb6 29. Kh2 Ra2 30. Rd2 Rda8 31. Rxa2 Rxa2 32. Ra1 Rxa1 33. Qxa1 Bxe5 34. dxe5 Qxb4 35. Qa7 Kf8 36. Qc7 Qxc5 37. Qb8 Qd5 38. Kh3 h5 39. Kh4 c5 40. Kg5 Qd7 41. g4 Qe7+ 42. Kh6 hxg4 43. g3 Kg8 44. Qc8 f6 0-1

[Event "45th Olympiad Budapest 2024"]
[Site "Budapest"]
[Date "2024.09.20"]
[Round "9.1"]
[White "Ferster, Fabian"]
[Black "Ebosse, Kingue Victor Patri"]
[Result "1/2-1/2"]
[WhiteElo "2184"]
[BlackElo "2014"]
[PlyCount "61"]
[EventDate "2024.09.11"]
[EventType "team"]
[EventRounds "11"]
[EventCountry "HUN"]
[WhiteTeam "Liechtenstein"]
[BlackTeam "Cameroon"]
[WhiteTeamCountry "LIE"]
[BlackTeamCountry "CAM"]

1. d4 Nf6 2. c4 g6 3. g3 Bg7 4. Bg2 O-O 5. Nc3 d6 6. h3 e5 7. Nf3 Nc6 8. Be3 h6 ({RR} 8... Re8 9. dxe5 dxe5 10. O-O Be6 11. Qa4 Qc8 12. Kh2 h6 13. Rad1 Nd7 14. c5 f5 15. Qc2 Nf6 16. Bc1 e4 17. Ng1 Nb4 18. Qb1 Nbd5 19. Nxd5 Bxd5 20. b3 Bc6 21. Bb2 Qe6 22. e3 Bb5 23. Rfe1 {Pantsulaia,L (2603)-Skoberne,J (2567) Batumi 2019 ½-½ (52)}) ({RR} 8... Bf5 9. O-O Re8 10. dxe5 dxe5 11. Rc1 Qc8 12. Kh2 h6 13. Nd5 Kh7 14. Qb3 Be6 15. Rfd1 a5 16. a3 a4 17. Qc2 Ra5 18. Nxf6+ Bxf6 19. Nd2 Bg7 20. Ne4 f5 21. Nc5 e4 22. Nxe6 Qxe6 23. Rd5 {Shoshin,K (2258)-Ghasi,A (2509) chess.com INT 2024 0-1 (37)}) 9. O-O a6 $146 ({RR} 9... Nd7 10. d5 Ne7 11. b4 Nf5 12. Bd2 a5 13. bxa5 Nc5 14. e4 Ne7 15. Be3 Rxa5 16. Nd2 b6 17. f3 Bd7 18. Nb3 Ra8 19. Nb5 Bxb5 20. cxb5 Qd7 21. Nxc5 dxc5 22. a4 Nc8 23. Rf2 Nd6 24. Qc1 {Kolbanov,V-Radomsky,V (2194) Odintsovo 2008 ½-½ (38)}) 10. dxe5 dxe5 11. Qc1 Be6 12. Bxh6 Qc8 13. Bxg7 Kxg7 14. Ng5 Rh8 15. Nxe6+ Qxe6 16. Nd5 Nd4 17. Re1 Rad8 18. e3 Nc6 19. Nxf6 Kxf6 20. Qc3 Rxh3 21. Red1 Rdh8 22. Qd3 Rh2 23. Qd5 Qg4 24. Qf3+ Qf5 25. Qxf5+ gxf5 26. Bxc6 bxc6 27. Kf1 f4 28. gxf4 exf4 29. Ke2 R8h3 30. exf4 Kf5 31. Rd7 1/2-1/2

[Event "45th Olympiad Budapest 2024"]
[Site "Budapest"]
[Date "2024.09.20"]
[Round "9.2"]
[White "Zebaze, Dongmo Loic Dylane"]
[Black "Krieger, Markus"]
[Result "0-1"]
[WhiteElo "1914"]
[BlackElo "2153"]
[PlyCount "68"]
[EventDate "2024.09.11"]
[EventType "team"]
[EventRounds "11"]
[EventCountry "HUN"]
[WhiteTeam "Cameroon"]
[BlackTeam "Liechtenstein"]
[WhiteTeamCountry "CAM"]
[BlackTeamCountry "LIE"]

1. d4 d5 2. Nc3 Bf5 3. f3 Nf6 4. g4 Bg6 5. g5 Nh5 6. e4 dxe4 ({RR} 6... e6 7. Be2 h6 8. gxh6 gxh6 9. f4 Qh4+ 10. Kf1 Nxf4 11. Bg4 h5 12. Bxf4 hxg4 13. Bxc7 dxe4 14. Bg3 Qf6+ 15. Kg2 Nc6 16. Nb5 O-O-O 17. Qe2 a6 18. Rf1 Qg5 19. Nc3 Rxd4 20. Bf2 Rd8 21. Nxe4 {Jose Iraeta,A (1912)-Mione,D (2228) chess.com INT 2023 0-1 (99)}) 7. f4 e5 8. fxe5 h6 9. gxh6 $146 ({RR} 9. Nh3 Nc6 10. Be3 hxg5 11. Bb5 a6 12. Bxc6+ bxc6 13. Nxg5 Rb8 14. Qg4 Rxb2 15. O-O Rxc2 16. Nxf7 Bxf7 17. Rxf7 Kxf7 18. Rf1+ Nf6 19. Nxe4 Be7 20. exf6 gxf6 21. Ng5+ Ke8 22. Ne6 Qc8 23. Qg6+ Kd7 {Saptarshi,R (2374)-Himanshu,S (2401) Jalgaon 2010 1-0}) 9... Qh4+ 10. Kd2 Be7 11. Qe2 e3+ 12. Kd1 Qxd4+ 13. Bd2 Qxd2+ 14. Qxd2 exd2 15. hxg7 Nxg7 16. Nd5 Be4 17. Nxc7+ Kd8 18. Nxa8 Bxh1 19. Kxd2 b6 20. Nxb6 Rxh2+ 21. Kc3 axb6 22. Bc4 Ne6 23. Rf1 Ke8 24. Ne2 Rh3+ 25. Kd2 Bg5+ 26. Ke1 Bc6 27. Rg1 Rh1 28. Rxh1 Bxh1 29. c3 Ke7 30. Nd4 Nxd4 31. cxd4 Nc6 32. Kf2 Nxd4 33. Kg3 Bf3 34. a4 Bd1 0-1